| 000 | 00427nam a2200169Ia 4500 | ||
|---|---|---|---|
| 008 | 221030s9999 xx 000 0 und d | ||
| 020 | _a8120312694 | ||
| 041 | _aEnglish | ||
| 082 |
_a105.23 _bSay |
||
| 100 | _aM. Sayer | ||
| 245 | 0 | _aMeasurement Instrumentation & Experiment Design in Physics & Engineering | |
| 260 |
_bPHI _aNew Delhi _c2000 |
||
| 300 | _a368 | ||
| 650 | _aECE | ||
| 700 | _aMansingh, Abhai | ||
| 942 | _cBK | ||
| 999 |
_c2339 _d2339 |
||